Tribal literature and oral expressions in India / (Record no. 181868)

MARC details
000 -LEADER
fixed length control field 00508nam a22001577a 4500
005 - DATE AND TIME OF LATEST TRANSACTION
control field 20211007144102.0
010 ## - LCCN (DPL NO)
LC control number EN230921
020 ## - INTERNATIONAL STANDARD BOOK NUMBER
International Standard Book Number 9789390866380
Terms of availability 225.00
037 ## - SOURCE OF ACQUISITION
Source of stock number/acquisition Sahitya Akademi
245 ## - TITLE STATEMENT
Title Tribal literature and oral expressions in India /
Statement of responsibility, etc edited by Prem Kumari Srivastava
260 ## - PUBLICATION, DISTRIBUTION, ETC. (IMPRINT)
Place of publication, distribution, etc New Delhi
Name of publisher, distributor, etc Sahitya Akademi
Date of publication, distribution, etc 2021
270 ## - ADDRESS
Address Rabindra Bhavan, 35 Ferozshah Road
City New Delhi
Postal code 110001
300 ## - PHYSICAL DESCRIPTION
Extent xxx, 186p.
Dimensions 22cm(pbk)
700 ## - ADDED ENTRY--PERSONAL NAME
Personal name Srivastava, Prem Kumari
942 ## - ADDED ENTRY ELEMENTS (KOHA)
Source of classification or shelving scheme Dewey Decimal Classification
Item type English Books
Call number suffix TRI

No items available.


© Delhi Public Library
Hit Counter
free hit counter